Ares - Kokonainen - Statistics

Yleistilastot
  • Tätä visaa on pelattu 4 kertaa
  • Keskiarvotulos 198 / 331
Vastaustilastot
Hint Vastaus % Oikein
annan
100%
ei
100%
huome
100%
huomen
100%
kaiken
100%
koko
100%
kokonainen
100%
mitä
100%
mitää
100%
mitää?
100%
mitään
100%
mun
100%
nainen
100%
oli
100%
olis
100%
on
100%
Verse 1 Onks
100%
oo
100%
oot
100%
rikki
100%
100%
100%
se
100%
Se
100%
sisält
100%
Sisält
100%
sul
100%
sulle
100%
tän
100%
Tänää
100%
ulkoo
100%
vaik
100%
Vaik
100%
75%
oon
75%
Oon
75%
tää
75%
Taas
75%
taas
75%
tähä
75%
Chorus Tänään
75%
tiiä
75%
aikaa
50%
en
50%
En
50%
et
50%
etin
50%
haluu
50%
huolen
50%
ikinä
50%
Ja
50%
ja
50%
jo
50%
Jos
50%
jossai
50%
jostai
50%
jotai
50%
koira
50%
koodaa
50%
kyl
50%
Mäki
50%
me
50%
mikä
50%
mikää
50%
mikään
50%
miten
50%
mul
50%
mut
50%
Mut
50%
muutu
50%
nähää
50%
nii
50%
niinku
50%
omaa
50%
oottaa
50%
paikkaa
50%
pitää
50%
sanot
50%
sust
50%
taikaa
50%
Toistetuin
50%
traumatisoitunu
50%
tulee
50%
tuol
50%
Tuu
50%
tuun
50%
uus
50%
vaa
50%
valhe
50%
viel
50%
vuodenvaihde
50%
yks
50%
ahista
25%
annat
25%
Aresta
25%
Arista
25%
barista
25%
drinkkei
25%
ehkä
25%
(et me mitää ollaan)
25%
että
25%
haluut
25%
harhaa
25%
haudannu
25%
hollaan
25%
(hollaan)
25%
homma
25%
jäädä
25%
jälkee
25%
johdattaa
25%
johtaakaa
25%
kaa
25%
Kaadan
25%
kaipaa
25%
katot
25%
Katotaa
25%
kertoo
25%
kesän
25%
korjaa
25%
Maksoin
25%
meinaa
25%
mihi
25%
mua
25%
mulle
25%
Myönnän
25%
ne
25%
nyt
25%
ollaa
25%
ollaan
25%
ottaa
25%
pakit
25%
sit
25%
soitan
25%
sua
25%
sun
25%
takista
25%
Taksi
25%
tarjosit
25%
Tiiän
25%
tiiän
25%
Tunteet
25%
välil
25%
verran
25%
vuokran
25%
Yeah
25%
aamuu
0%
ajantajuu
0%
alan
0%
alkuu
0%
enää
0%
estä
0%
ettei
0%
Fuck
0%
haluisin
0%
Hengitetää
0%
himaa
0%
ilmaa
0%
Ilta
0%
it
0%
Käännän
0%
Koska
0%
lähen
0%
Verse 2 Meiän
0%
mukaa
0%
muuttuu
0%
palaan
0%
paluut
0%
parit
0%
pikkuhiljaa
0%
samaa
0%
sanoin
0%
sanon
0%
savuu
0%
Siks
0%
silti
0%
Silti
0%
sivuu
0%
taisin
0%
tajuu
0%
uutta
0%
Ehtoja vastaavia visoja ei löytynyt
Tulosjakauma
Jokaisen tuloksen saaneiden osuus
Persentiili vastausten määrän mukaan
Tuloshistoriasi
Et ole pelannut tätä visaa